Top 10 Youtube Channels - Statistics

General Stats
  • This quiz has been taken 9 times
  • The average score is 5 of 10
Answer Stats
Hint Answer % Correct
Swedish Youtuber Pewdiepie
80%
Wrestling Content WWE
80%
DIY Content 5-Minute Crafts
40%
Brazilian Music Video Channel Canal KondZilla
40%
Kids Content Cocomelon
40%
Kids Content Like Nastya
40%
Indian Music Channel SET India
40%
Music Channel T-Series
40%
Indian Music Channel Zee Music
40%
Ukrainian Kid Channel Diana Show
20%
No matching quizzes found
Score Distribution
Percent of People with Each Score
Percentile by Number Answered
Your Score History
You have not taken this quiz